Normal view
MARC view
Entry Personal Name
001 - CONTROL NUMBER
- control field: 81434
003 - CONTROL NUMBER IDENTIFIER
- control field: dpl
005 - DATE AND TIME OF LATEST TRANSACTION
- control field: 20250529141701.0
008 - FIXED-LENGTH DATA ELEMENTS
- fixed length control field: 250529|| aca||aabn | a|a d
040 ## - CATALOGING SOURCE
- Original cataloging agency: dpl
- Transcribing agency: dpl
100 ## - HEADING--PERSONAL NAME
- Personal name: Kulkarni,P.H
670 ## - SOURCE DATA FOUND
- Source citation: Work cat.: (dpl)211436: Kulkarni,P.H., Prasuti Tantra, Deerghaya International
